UBT Library

Olds' maternal-newborn nursing & women's health across the lifespan / (Record no. 42824)

000 -LEADER
fixed length control field 01023cam a22003014a 4500
001 - CONTROL NUMBER
control field 16492655
005 - DATE AND TIME OF LATEST TRANSACTION
control field 20180216080535.0
008 - FIXED-LENGTH DATA ELEMENTS--GENERAL INFORMATION
fixed length control field 101005s2012 mauaf bf 001 0 eng
010 ## - LIBRARY OF CONGRESS CONTROL NUMBER
LC control number 2010042912
020 ## - INTERNATIONAL STANDARD BOOK NUMBER
International Standard Book Number 9780132109079
020 ## - INTERNATIONAL STANDARD BOOK NUMBER
International Standard Book Number 0132109077
035 ## - SYSTEM CONTROL NUMBER
System control number (DNLM)101543209
040 ## - CATALOGING SOURCE
Original cataloging agency DNLM/DLC
Transcribing agency DLC
Modifying agency DLC
041 ## - LANGUAGE CODE
Language code of text/sound track or separate title eng
042 ## - AUTHENTICATION CODE
Authentication code pcc
060 10 - NATIONAL LIBRARY OF MEDICINE CALL NUMBER
Classification number WY 157.3
080 ## - UNIVERSAL DECIMAL CLASSIFICATION NUMBER
Universal Decimal Classification number 618.20231 mic
082 00 - DEWEY DECIMAL CLASSIFICATION NUMBER
Classification number 618.20231 mic
Edition number 22
100 1# - Rafti
Rafti 4
101 ## - Shkurtesa
Shkurtesa shm
245 10 - TITLE STATEMENT
Title Olds' maternal-newborn nursing & women's health across the lifespan /
Statement of responsibility, etc Michele R. Davidson, Marcia L. London, Patricia A. Wieland Ladewig.
246 1# - VARYING FORM OF TITLE
Title proper/short title Olds' maternal-newborn nursing and women's health across the lifespan
246 1# - VARYING FORM OF TITLE
Title proper/short title Maternal-newborn nursing & women's health across the lifespan
504 ## - BIBLIOGRAPHY, ETC. NOTE
Bibliography, etc Includes bibliographical references and index.
906 ## - LOCAL DATA ELEMENT F, LDF (RLIN)
a 7
b cbc
c orignew
d 1
e ecip
f 20
g y-gencatlg
942 ## - ADDED ENTRY ELEMENTS (KOHA)
Source of classification or shelving scheme
Item type Books
Holdings
Withdrawn status Lost status Source of classification or shelving scheme Damaged status Not for loan Collection code Permanent location Current location Shelving location Date acquired Total Checkouts Full call number Barcode Date last seen Price effective from Koha item type
          Koleksioni i përgjithshem UBT - Lipjan UBT - Lipjan Koleksioni i përgjithshem 02/16/2018   618.20231 mic 002-2998373 02/16/2018 02/16/2018 Books
UBT Library © 2015-2024. All rights reserved University Education for Business and Technology